000 00232nam a2200109Ia 4500
999 _c7634
_d7634
020 _a978-0321393616
100 _aNeil A.Weiss
245 0 _aIntroductory Statistics
260 _aIndia
_bAddision
_c2012
300 _a600
942 _cBK